[Event "Titled Tuesday intern op 16th Apr Early"]
[Site "Chess.com INT"]
[Date "2024.04.16"]
[Round "1"]
[White "Ginzburg, Yakov"]
[Black "Martinez Alcantara, Jose Eduardo"]
[Result "0-1"]
[WhiteElo "2405"]
[BlackElo "2603"]
[PlyCount "88"]
[EventDate "2024.04.16"]
[EventType "swiss (blitz)"]
[EventRounds "11"]
[EventCountry "USA"]
[SourceTitle "CB17_2024"]
[SourceDate "2024.04.24"]
[SourceVersion "1"]
[SourceVersionDate "2024.04.24"]
[SourceQuality "1"]

1. e4 c5 2. Nf3 d6 3. Bb5+ Nd7 4. 0-0 a6 5. Bxd7+ Bxd7 6. d4 cxd4 7. Nxd4 Rc8 8. b3 Nf6 9. Re1 e5 10. Nf3 h6 11. Ba3 Bc6 12. Nbd2 b5 13. Qe2 Be7 14. Rad1 0-0 15. Bb2 Qa5 16. a3 Qb6 17. Nh4 Bd7 18. Ndf3 g6 19. Bc1 Kg7 20. h3 Qc6 21. Qe3 Rh8 22. Re2 Be6 23. g4 a5 24. Kh1 a4 25. b4 Qc3 26. Qxc3 Rxc3 27. Bb2 Rc4 28. Rde1 Rhc8 29. c3 h5 30. g5 Nh7 31. Rg1 Bxh3 32. Nd2 R4c7 33. f4 Bg4 34. Rxg4 hxg4 35. fxe5 dxe5 36. c4 Bxg5 37. Bxe5+ Bf6 38. Bxc7 Rxc7 39. cxb5 Bxh4 40. b6 Rb7 41. Nc4 Bd8 42. e5 Ng5 43. e6 Nxe6 44. Rd2 Bxb6 0-1

[Event "Titled Tuesday intern op 12th Mar Early"]
[Site "Chess.com INT"]
[Date "2024.03.12"]
[Round "1"]
[White "Madaminov, Mukhiddin"]
[Black "Ginzburg, Yakov"]
[Result "1-0"]
[WhiteElo "2512"]
[BlackElo "2405"]
[PlyCount "45"]
[EventDate "2024.03.12"]
[EventType "swiss (blitz)"]
[EventRounds "11"]
[EventCountry "USA"]
[SourceTitle "CB12_2024"]
[SourceDate "2023.10.01"]
[SourceVersion "1"]
[SourceVersionDate "2023.10.01"]
[SourceQuality "1"]

1. e4 c5 2. Nf3 e6 3. c3 d5 4. exd5 exd5 5. d4 Nf6 6. Bd3 Be7 7. 0-0 0-0 8. dxc5 Bxc5 9. h3 h6 10. Nbd2 Nc6 11. Nb3 Bb6 12. Re1 Qd6 13. Be3 Bd7 14. Bxb6 axb6 15. Nbd4 Rfe8 16. a3 Rxe1+ 17. Qxe1 Re8 18. Qd1 Ne4 19. Nb5 Qe7 20. Nc7 Qc5 21. Bxe4 dxe4 22. Nxe8 Bxe8 23. Nd4 1-0

[Event "Titled Tuesday intern op 12th Dec Early"]
[Site "Chess.com INT"]
[Date "2023.12.12"]
[Round "2"]
[White "Ginzburg, Yakov"]
[Black "Rose, Felix"]
[Result "0-1"]
[WhiteElo "2405"]
[BlackElo "2091"]
[PlyCount "102"]
[EventDate "2023.12.12"]
[EventType "swiss (blitz)"]
[EventRounds "11"]
[EventCountry "USA"]
[SourceTitle "CB51_2023"]
[SourceDate "2023.12.20"]
[SourceVersion "1"]
[SourceVersionDate "2023.12.20"]
[SourceQuality "1"]

1. d4 d5 2. c4 e6 3. g3 Nf6 4. Bg2 dxc4 5. Nf3 a6 6. Ne5 Bb4+ 7. Nc3 c5 8. Be3 Nd5 9. Bd2 Bxc3 10. bxc3 cxd4 11. cxd4 c3 12. Bc1 0-0 13. 0-0 Nc6 14. Nxc6 bxc6 15. e4 Nf6 16. Ba3 Re8 17. Bb4 c2 18. Qd2 e5 19. dxe5 Qxd2 20. Bxd2 Rxe5 21. Rac1 Nxe4 22. Bf4 Re6 23. Rxc2 Bd7 24. Rd1 Be8 25. Bh3 Re7 26. f3 Nf6 27. Kf2 Nd5 28. Bd6 Rb7 29. Re1 g6 30. Rce2 Bd7 31. g4 Kg7 32. Bg2 h5 33. h3 hxg4 34. fxg4 Be6 35. g5 Rd8 36. Be5+ Kg8 37. Rc2 Rbd7 38. Rxc6 Nb4 39. Rb6 Nd3+ 40. Kf1 Nxe1 41. Kxe1 Rd1+ 42. Kf2 R1d2+ 43. Kg3 Rxa2 44. Bf6 Rc8 45. Bc6 Rc2 46. Bb7 Rb8 47. Rxa6 Rxb7 48. Rd6 Rc8 49. Kf4 Rb4+ 50. Ke5 Rc5+ 51. Rd5 Rxd5# 0-1

[Event "Titled Tuesday intern op 12th Dec Early"]
[Site "Chess.com INT"]
[Date "2023.12.12"]
[Round "4"]
[White "Jakubowska, Anna"]
[Black "Ginzburg, Yakov"]
[Result "0-1"]
[WhiteElo "2139"]
[BlackElo "2405"]
[PlyCount "32"]
[EventDate "2023.12.12"]
[EventType "swiss (blitz)"]
[EventRounds "11"]
[EventCountry "USA"]
[SourceTitle "CB51_2023"]
[SourceDate "2023.12.20"]
[SourceVersion "1"]
[SourceVersionDate "2023.12.20"]
[SourceQuality "1"]

1. e4 c5 2. Nc3 e6 3. g3 d5 4. exd5 exd5 5. d4 Nf6 6. Nge2 Nc6 7. Bg2 Bg4 8. dxc5 Bxc5 9. Nxd5 Nxd5 10. Qxd5 Qxd5 11. Bxd5 Nb4 12. Bb3 0-0-0 13. a3 Rhe8 14. axb4 Rxe2+ 15. Kf1 Rxf2+ 16. Kg1 Rd1# 0-1

[Event "Titled Tuesday intern op 12th Dec Early"]
[Site "Chess.com INT"]
[Date "2023.12.12"]
[Round "5"]
[White "Khodabandeh, Milad"]
[Black "Ginzburg, Yakov"]
[Result "0-1"]
[WhiteElo "1918"]
[BlackElo "2405"]
[PlyCount "62"]
[EventDate "2023.12.12"]
[EventType "swiss (blitz)"]
[EventRounds "11"]
[EventCountry "USA"]
[SourceTitle "CB51_2023"]
[SourceDate "2023.12.20"]
[SourceVersion "1"]
[SourceVersionDate "2023.12.20"]
[SourceQuality "1"]

1. e4 c5 2. Nf3 a6 3. c4 e6 4. Nc3 Nc6 5. d4 cxd4 6. Nxd4 Qc7 7. Be2 Nf6 8. 0-0 Bc5 9. Be3 Ba7 10. Rc1 Ne5 11. f4 Ng6 12. e5 Ng8 13. Bf3 N8e7 14. Ne4 0-0 15. Nd6 f6 16. c5 fxe5 17. fxe5 Nxe5 18. b4 Rb8 19. Be4 Rf6 20. Qh5 N7g6 21. Ne8 Qd8 22. Nxf6+ gxf6 23. Nf3 f5 24. Nxe5 Nxe5 25. Rxf5 exf5 26. Bd5+ Kh8 27. Qxf5 d6 28. Bd4 Bxf5 29. Rf1 Bg6 30. Kh1 Qe7 31. Re1 Re8 0-1

[Event "Titled Tuesday intern op 12th Dec Early"]
[Site "Chess.com INT"]
[Date "2023.12.12"]
[Round "7"]
[White "Parra Gomez, Adrian"]
[Black "Ginzburg, Yakov"]
[Result "0-1"]
[WhiteElo "2208"]
[BlackElo "2405"]
[PlyCount "74"]
[EventDate "2023.12.12"]
[EventType "swiss (blitz)"]
[EventRounds "11"]
[EventCountry "USA"]
[SourceTitle "CB51_2023"]
[SourceDate "2023.12.20"]
[SourceVersion "1"]
[SourceVersionDate "2023.12.20"]
[SourceQuality "1"]

1. d4 d5 2. c4 c6 3. cxd5 cxd5 4. Nc3 e5 5. e4 dxe4 6. Bb5+ Bd7 7. dxe5 Bb4 8. Bxd7+ Qxd7 9. Qb3 Nc6 10. Nge2 Nge7 11. 0-0 Bxc3 12. Nxc3 0-0 13. Nxe4 Nxe5 14. Bf4 Qf5 15. Bxe5 Qxe5 16. Rfe1 b6 17. Ng3 Qg5 18. Re4 Ng6 19. Rae1 Rac8 20. Qa4 Rc1 21. Qxa7 Qd2 22. Rxc1 Qxc1+ 23. Nf1 Qxb2 24. Qa4 h6 25. h4 Rd8 26. Re8+ Rxe8 27. Qxe8+ Kh7 28. Qxf7 Nxh4 29. Ne3 Qb1+ 30. Kh2 Qe4 31. Qd5 Qf4+ 32. Kg1 Qf6 33. Qe4+ Ng6 34. Nd5 Qd6 35. g3 b5 36. Nf4 Qf6 37. Kf1 h5 0-1

[Event "Titled Tuesday intern op 19th Sep Early"]
[Site "Chess.com INT"]
[Date "2023.09.19"]
[Round "1"]
[White "De Souza, Arthur Olintho"]
[Black "Ginzburg, Yakov"]
[Result "0-1"]
[WhiteElo "2113"]
[BlackElo "2405"]
[PlyCount "92"]
[EventDate "2023.09.19"]
[EventType "swiss (blitz)"]
[EventRounds "11"]
[EventCountry "USA"]
[SourceTitle "EXT 2024"]
[Source "ChessBase"]
[SourceDate "2023.10.10"]
[SourceVersion "1"]
[SourceVersionDate "2023.10.10"]
[SourceQuality "1"]

1. e4 c5 2. Nf3 e6 3. d4 cxd4 4. Nxd4 Nf6 5. Nc3 Nc6 6. Be3 Bb4 7. Bd3 d5 8. exd5 Nxd5 9. Nxc6 Nxe3 10. Nxd8 Nxd1 11. Rxd1 Kxd8 12. Bxh7+ Ke7 13. Bd3 Bd7 14. 0-0 Bxc3 15. bxc3 Rac8 16. c4 Bc6 17. Rfe1 Rh4 18. h3 g5 19. f3 Rd4 20. Re3 Rcd8 21. Rde1 b6 22. Re5 Kf6 23. Kf2 Ba4 24. c5 Rc8 25. cxb6 axb6 26. R5e2 Rb4 27. a3 Rb2 28. Rc1 Rc3 29. Ke1 Rxa3 30. Kd2 Rb4 31. Re4 Rxe4 32. Bxe4 Bd7 33. Rb1 b5 34. Bd3 Ra5 35. Kc3 Ke5 36. Kb4 Ra4+ 37. Kc5 Ra2 38. g3 f5 39. Re1+ Kf6 40. Rb1 e5 41. Re1 f4 42. g4 Ra3 43. Kd6 Bc8 44. Rxe5 Ra6+ 45. Kd5 Bb7+ 46. Kd4 Rd6+ 0-1

[Event "Titled Tuesday intern op 27th Jun Early"]
[Site "Chess.com INT"]
[Date "2023.06.27"]
[Round "3"]
[White "Ginzburg, Yakov"]
[Black "Danielyan, Vahe"]
[Result "0-1"]
[WhiteElo "2405"]
[BlackElo "2346"]
[PlyCount "80"]
[EventDate "2023.06.27"]
[EventType "swiss (blitz)"]
[EventRounds "11"]
[EventCountry "USA"]
[SourceTitle "EXT 2024"]
[Source "ChessBase"]
[SourceDate "2023.10.10"]
[SourceVersion "1"]
[SourceVersionDate "2023.10.10"]
[SourceQuality "1"]

1. e4 c5 2. Nf3 Nc6 3. d4 cxd4 4. Nxd4 g6 5. c4 Nf6 6. Nc3 Nxd4 7. Qxd4 d6 8. Be3 Bg7 9. f3 0-0 10. Qd2 Be6 11. Rc1 a5 12. Nd5 a4 13. Nb6 Ra6 14. c5 Rxb6 15. cxb6 d5 16. e5 Nd7 17. f4 Nxb6 18. Qd4 Nc4 19. Bxc4 dxc4 20. Qxd8 Rxd8 21. Kf2 b5 22. Rhd1 Bd5 23. b3 cxb3 24. axb3 axb3 25. Rc5 e6 26. Rxb5 Rc8 27. Rc1 Ra8 28. Rbc5 Ra2+ 29. Kg3 Bf8 30. Rc8 Kg7 31. Rb8 Rxg2+ 32. Kh3 Re2 33. Bd4 Re4 34. Bc5 Bxc5 35. Rxc5 Rxf4 36. Rcc8 Re4 37. Rg8+ Kh6 38. Rbf8 b2 39. Rb8 Re3+ 40. Kh4 Rb3 0-1

[Event "Titled Tuesday intern op 27th Jun Early"]
[Site "Chess.com INT"]
[Date "2023.06.27"]
[Round "1"]
[White "Ginzburg, Yakov"]
[Black "Maximov, Dmitry"]
[Result "0-1"]
[WhiteElo "2405"]
[BlackElo "2497"]
[PlyCount "76"]
[EventDate "2023.06.27"]
[EventType "swiss (blitz)"]
[EventRounds "11"]
[EventCountry "USA"]
[SourceTitle "EXT 2024"]
[Source "ChessBase"]
[SourceDate "2023.10.10"]
[SourceVersion "1"]
[SourceVersionDate "2023.10.10"]
[SourceQuality "1"]

1. e4 c5 2. Nf3 d6 3. d4 cxd4 4. Nxd4 Nf6 5. Nc3 Nc6 6. Bg5 e6 7. Qd2 Qb6 8. 0-0-0 Nxd4 9. Qxd4 Qxd4 10. Rxd4 a6 11. f4 h6 12. Bh4 Be7 13. Be2 g5 14. e5 dxe5 15. fxe5 gxh4 16. exf6 Bxf6 17. Rd3 Bd7 18. Bf3 0-0-0 19. Rhd1 b5 20. Bb7+ Kxb7 21. Rxd7+ Rxd7 22. Rxd7+ Kc6 23. Rxf7 Bg5+ 24. Kb1 Rd8 25. a4 Rd2 26. axb5+ axb5 27. Ra7 Kb6 28. Ra8 Rxg2 29. h3 Rh2 30. Rb8+ Kc7 31. Rxb5 Rxh3 32. Ne4 Rh1+ 33. Ka2 Rg1 34. Nf2 Rg2 35. Nh3 Rg3 36. Rb3 Be3 37. Rc3+ Kd7 38. Rd3+ Ke7 0-1

[Event "Titled Tuesday intern op 27th Jun Early"]
[Site "Chess.com INT"]
[Date "2023.06.27"]
[Round "11"]
[White "Ginzburg, Yakov"]
[Black "Sowul, Bartosz"]
[Result "0-1"]
[WhiteElo "2405"]
[BlackElo "2269"]
[PlyCount "94"]
[EventDate "2023.06.27"]
[EventType "swiss (blitz)"]
[EventRounds "11"]
[EventCountry "USA"]
[SourceTitle "EXT 2024"]
[Source "ChessBase"]
[SourceDate "2023.10.10"]
[SourceVersion "1"]
[SourceVersionDate "2023.10.10"]
[SourceQuality "1"]

1. d4 Nf6 2. Nf3 c5 3. g3 b6 4. Bg2 Bb7 5. 0-0 g6 6. c4 Bg7 7. d5 0-0 8. Nc3 e6 9. e4 exd5 10. exd5 d6 11. Be3 Re8 12. Re1 Na6 13. Qd2 Nc7 14. Bg5 Qd7 15. h3 b5 16. b3 b4 17. Ne2 Ne4 18. Qf4 Nxg5 19. Nxg5 Bxa1 20. Rxa1 Rxe2 21. Qh4 f6 22. Ne4 Rxe4 23. Bxe4 Re8 24. Bf3 Qf5 25. Bg4 Qg5 26. Qxg5 fxg5 27. a3 bxa3 28. Rxa3 a6 29. b4 cxb4 30. Ra4 Re1+ 31. Kg2 Rb1 32. Bf3 Kf8 33. c5 dxc5 34. d6 Bxf3+ 35. Kxf3 Nb5 36. Rxa6 Ke8 37. Rb6 Nc3 38. Rb7 b3 39. h4 gxh4 40. gxh4 Kd8 41. Rxh7 Rd1 42. Rb7 c4 43. Kf4 Rd5 44. f3 Nb5 45. Ke4 Nxd6+ 46. Kxd5 Nxb7 47. Kxc4 b2 0-1

[Event "Titled Tuesday intern op 13th Jun Early"]
[Site "Chess.com INT"]
[Date "2023.06.13"]
[Round "5"]
[White "Quintiliano Pinto, Renato Rodrigues"]
[Black "Ginzburg, Yakov"]
[Result "1-0"]
[WhiteElo "2509"]
[BlackElo "2405"]
[PlyCount "85"]
[EventDate "2023.06.13"]
[EventType "swiss (blitz)"]
[EventRounds "11"]
[EventCountry "USA"]
[SourceTitle "EXT 2024"]
[Source "ChessBase"]
[SourceDate "2023.10.10"]
[SourceVersion "1"]
[SourceVersionDate "2023.10.10"]
[SourceQuality "1"]

1. c4 c6 2. Nf3 d5 3. e3 Nf6 4. b3 a6 5. Bb2 b5 6. d4 Bg4 7. Nbd2 e6 8. Qc2 Bxf3 9. gxf3 Nbd7 10. Bg2 bxc4 11. bxc4 Rb8 12. 0-0 Bd6 13. f4 h6 14. Bc3 0-0 15. Rab1 Nh5 16. Nf3 Bxf4 17. exf4 Nxf4 18. Bd2 Qf6 19. Bxf4 Qxf4 20. Qd2 Qf5 21. Rxb8 Rxb8 22. Rc1 Rb1 23. h3 dxc4 24. Qd1 Rb2 25. Rxc4 Rxa2 26. Rxc6 Nf6 27. Rc8+ Kh7 28. Qe1 Rb2 29. Rc1 Ne4 30. Nh4 Qxf2+ 31. Qxf2 Nxf2 32. Rc3 Nd1 33. Rc7 f5 34. d5 exd5 35. Nxf5 Kg6 36. Ne7+ Kg5 37. Nxd5 g6 38. Rc6 a5 39. Be4 Kh4 40. Rxg6 Kxh3 41. Nf4+ Kh4 42. Ng2+ Kh3 43. Bf5# 1-0

[Event "Titled Tuesday intern op 13th Jun Early"]
[Site "Chess.com INT"]
[Date "2023.06.13"]
[Round "6"]
[White "Zochowski, Kacper"]
[Black "Ginzburg, Yakov"]
[Result "0-1"]
[WhiteElo "2252"]
[BlackElo "2405"]
[PlyCount "76"]
[EventDate "2023.06.13"]
[EventType "swiss (blitz)"]
[EventRounds "11"]
[EventCountry "USA"]
[SourceTitle "EXT 2024"]
[Source "ChessBase"]
[SourceDate "2023.10.10"]
[SourceVersion "1"]
[SourceVersionDate "2023.10.10"]
[SourceQuality "1"]

1. Nf3 Nf6 2. c4 c6 3. e3 d5 4. Nc3 a6 5. b3 b5 6. Bb2 Bg4 7. Be2 e6 8. 0-0 Nbd7 9. h3 Bh5 10. d3 Bd6 11. e4 b4 12. Na4 dxe4 13. dxe4 Nxe4 14. Nd4 Bxe2 15. Qxe2 Ndf6 16. Nxc6 Qc7 17. c5 Bh2+ 18. Kh1 Qxc6 19. Kxh2 0-0 20. Rad1 Rad8 21. Kg1 Rd5 22. Rxd5 exd5 23. Qe3 Re8 24. Qd4 Ng5 25. Qf4 Ne6 26. Qg3 Ne4 27. Qe3 f6 28. Rc1 a5 29. f3 Ng3 30. Qf2 Nf4 31. Kh2 Nge2 32. Rd1 Qc7 33. g3 Nxg3 34. Kxg3 Nd3+ 35. Kg2 Nxf2 36. Rxd5 Nd3 37. Rxd3 Re2+ 38. Kf1 Qh2 0-1

[Event "Titled Tuesday intern op 06th Jun Early"]
[Site "Chess.com INT"]
[Date "2023.06.06"]
[Round "3"]
[White "Ginzburg, Yakov"]
[Black "Zhigalko, Sergei"]
[Result "0-1"]
[WhiteElo "2405"]
[BlackElo "2572"]
[PlyCount "150"]
[EventDate "2023.06.06"]
[EventType "swiss (blitz)"]
[EventRounds "11"]
[EventCountry "USA"]
[SourceTitle "EXT 2024"]
[Source "ChessBase"]
[SourceDate "2023.10.10"]
[SourceVersion "1"]
[SourceVersionDate "2023.10.10"]
[SourceQuality "1"]

1. d4 Nf6 2. Nf3 e6 3. g3 b5 4. Bg2 Bb7 5. 0-0 c5 6. a4 b4 7. c3 a5 8. Be3 cxd4 9. Qxd4 Nc6 10. Qb6 Qxb6 11. Bxb6 Nd5 12. Bd4 Rc8 13. e4 Nf6 14. e5 Nd5 15. c4 Nde7 16. Nbd2 Nf5 17. Bb6 d6 18. exd6 Bxd6 19. Rfd1 Bc7 20. Bxc7 Rxc7 21. Nb3 Ke7 22. c5 h5 23. Rd2 Ba6 24. Bf1 Bxf1 25. Kxf1 Ra8 26. Rad1 f6 27. Rd6 e5 28. h3 Raa7 29. g4 hxg4 30. hxg4 Nfd4 31. Nfxd4 Nxd4 32. Nxd4 exd4 33. Re1+ Kf7 34. c6 Ra6 35. Rxd4 Raxc6 36. Re2 Rc4 37. Rd5 R7c5 38. Rxc5 Rxc5 39. f3 b3 40. Re3 Rc1+ 41. Kf2 Rc2+ 42. Re2 g5 43. Ke3 Rc4 44. Kd3 Rxa4 45. Kc3 Rf4 46. Re3 a4 47. Rd3 f5 48. gxf5 Kf6 49. Rd6+ Kxf5 50. Rd5+ Kg6 51. Rd6+ Kh5 52. Rd3 Kh4 53. Kd2 Kg3 54. Ke2 Rf5 55. Rd4 Re5+ 56. Kf1 Kxf3 57. Rxa4 Rc5 58. Ke1 Rc1+ 59. Kd2 Rc2+ 60. Kd3 Rxb2 61. Ra5 g4 62. Rf5+ Kg3 63. Kc3 Rb1 64. Rf8 Kg2 65. Rg8 g3 66. Rg7 Kf2 67. Rf7+ Kg1 68. Kd2 g2 69. Ke2 Rc1 70. Rb7 Rc2+ 71. Kf3 Rc3+ 72. Ke2 Rc2+ 73. Kf3 b2 74. Rb6 Kf1 75. Ra6 b1Q 0-1

[Event "Titled Tuesday intern op 30th May Early"]
[Site "Chess.com INT"]
[Date "2023.05.30"]
[Round "8"]
[White "Aradhya, Garg"]
[Black "Ginzburg, Yakov"]
[Result "1/2-1/2"]
[WhiteElo "2284"]
[BlackElo "2405"]
[PlyCount "75"]
[EventDate "2023.05.30"]
[EventType "swiss (blitz)"]
[EventRounds "11"]
[EventCountry "USA"]
[SourceTitle "CBM 214 Extra"]
[Source "ChessBase"]
[SourceDate "2023.07.31"]
[SourceVersion "1"]
[SourceVersionDate "2023.07.31"]
[SourceQuality "1"]

1. d4 d5 2. c4 c6 3. Nc3 Nf6 4. e3 a6 5. Nf3 b5 6. b3 Bg4 7. Be2 Nbd7 8. Ne5 Bxe2 9. Qxe2 Qc7 10. Bb2 e6 11. Rc1 Nxe5 12. dxe5 Nd7 13. cxd5 Nxe5 14. dxc6 Qxc6 15. 0-0 Ng6 16. Rfd1 Qb7 17. a4 b4 18. Nb1 Be7 19. Bxg7 Rg8 20. Qb2 f6 21. g3 Rxg7 22. Nd2 Ne5 23. Nc4 Nf3+ 24. Kf1 Nxh2+ 25. Ke1 Qh1+ 26. Ke2 Qf3+ 27. Ke1 Qg4 28. Nd6+ Kf8 29. Rc4 Nf3+ 30. Kf1 Qh5 31. Qc2 Rd8 32. Rc8 Rg5 33. Rxd8+ Bxd8 34. Qc8 Nh2+ 35. Ke1 Nf3+ 36. Kf1 Nh2+ 37. Ke1 Nf3+ 38. Kf1 1/2-1/2

[Event "Titled Tuesday intern op 30th May Early"]
[Site "Chess.com INT"]
[Date "2023.05.30"]
[Round "6"]
[White "Ginzburg, Yakov"]
[Black "Weishaeutel, Moritz"]
[Result "0-1"]
[WhiteElo "2405"]
[BlackElo "2438"]
[PlyCount "98"]
[EventDate "2023.05.30"]
[EventType "swiss (blitz)"]
[EventRounds "11"]
[EventCountry "USA"]
[SourceTitle "CBM 214 Extra"]
[Source "ChessBase"]
[SourceDate "2023.07.31"]
[SourceVersion "1"]
[SourceVersionDate "2023.07.31"]
[SourceQuality "1"]

1. e4 e5 2. Nf3 Nf6 3. Nxe5 Nc6 4. Nf3 Nxe4 5. Qe2 Qe7 6. d3 Nf6 7. Bg5 Qxe2+ 8. Bxe2 Be7 9. Nc3 h6 10. Bh4 d6 11. 0-0-0 Be6 12. d4 Nd5 13. Nxd5 Bxd5 14. Bxe7 Nxe7 15. Rhe1 0-0-0 16. c4 Bxf3 17. Bxf3 Rhe8 18. Bg4+ Kb8 19. Rd2 Nc6 20. Rxe8 Rxe8 21. Bf3 Re1+ 22. Kc2 Kc8 23. g3 Kd7 24. h4 g5 25. hxg5 hxg5 26. Bg4+ Kd8 27. Bf3 f5 28. a3 g4 29. Bxc6 bxc6 30. Kd3 Kd7 31. Re2 Rd1+ 32. Rd2 Re1 33. Re2 Rd1+ 34. Ke3 Ke6 35. f3 gxf3 36. Kxf3+ Kf6 37. Ke3 Rg1 38. Kf4 Rf1+ 39. Ke3 Rc1 40. Kd3 Rg1 41. Re3 Kg5 42. b4 Kg4 43. Re7 Rxg3+ 44. Kc2 f4 45. Rxc7 Rxa3 46. Rxc6 f3 47. Rxd6 f2 48. Rg6+ Kf5 49. Rg8 Rf3 0-1

[Event "Titled Tuesday intern op 30th May Early"]
[Site "Chess.com INT"]
[Date "2023.05.30"]
[Round "4"]
[White "Topalov, Aleksandar"]
[Black "Ginzburg, Yakov"]
[Result "1/2-1/2"]
[WhiteElo "2233"]
[BlackElo "2405"]
[PlyCount "105"]
[EventDate "2023.05.30"]
[EventType "swiss (blitz)"]
[EventRounds "11"]
[EventCountry "USA"]
[SourceTitle "CBM 214 Extra"]
[Source "ChessBase"]
[SourceDate "2023.07.31"]
[SourceVersion "1"]
[SourceVersionDate "2023.07.31"]
[SourceQuality "1"]

1. b3 d5 2. Bb2 f6 3. d4 Bf5 4. Nf3 e6 5. g3 Bd6 6. Bg2 Ne7 7. 0-0 0-0 8. Nbd2 Nd7 9. c4 c6 10. Re1 e5 11. e4 dxe4 12. Nxe4 Bxe4 13. Rxe4 f5 14. Re1 e4 15. Ng5 Qc8 16. d5 Be5 17. Ne6 Rf6 18. Bxe5 Nxe5 19. Qd4 N7g6 20. Rad1 cxd5 21. cxd5 Qd7 22. Nc5 Qf7 23. h4 h5 24. Ne6 Rxe6 25. dxe6 Qxe6 26. Qd5 Qxd5 27. Rxd5 Nd3 28. Rd1 Rf8 29. Bf1 Nge5 30. Bxd3 Nxd3 31. R1xd3 exd3 32. Rxd3 Rf7 33. Rd8+ Kh7 34. Kg2 Re7 35. Kf3 Kg6 36. Rd6+ Kf7 37. Kf4 Re2 38. f3 Rxa2 39. Rd7+ Kf6 40. Rxb7 Rb2 41. Rxa7 Rxb3 42. Ra6+ Kf7 43. Ra5 g6 44. Ra7+ Kf6 45. Ra6+ Kf7 46. Rd6 Ra3 47. Rd2 Rb3 48. Rc2 Ra3 49. Rc7+ Kf6 50. Rc6+ Kf7 51. Rc7+ Kf6 52. Rc6+ Kf7 53. Rc7+ 1/2-1/2

[Event "Titled Tuesday intern op 23rd May Early"]
[Site "Chess.com INT"]
[Date "2023.05.23"]
[Round "4"]
[White "Ginzburg, Yakov"]
[Black "Sant Anna, Eddie Luiz G"]
[Result "0-1"]
[WhiteElo "2405"]
[BlackElo "2003"]
[PlyCount "74"]
[EventDate "2023.05.23"]
[EventType "swiss (blitz)"]
[EventRounds "11"]
[EventCountry "USA"]
[SourceTitle "CBM 214 Extra"]
[Source "ChessBase"]
[SourceDate "2023.07.31"]
[SourceVersion "1"]
[SourceVersionDate "2023.07.31"]
[SourceQuality "1"]

1. d4 e6 2. g3 f5 3. d5 e5 4. Bg2 d6 5. h4 Nf6 6. Nh3 Be7 7. c4 0-0 8. Nc3 a5 9. Bg5 Nbd7 10. Qc2 Nc5 11. 0-0-0 a4 12. Kb1 Bd7 13. Be3 b6 14. Ng5 Ng4 15. Bxc5 bxc5 16. Nh3 Qb8 17. Rd3 Qb4 18. Nd1 e4 19. Rd2 Bf6 20. a3 Qb6 21. Ng5 Rfb8 22. f3 e3 23. Rd3 Nf2 24. Nc3 Nxd3 25. exd3 Qb3 26. Qxb3 Rxb3 27. Nd1 Rab8 28. Re1 Bxb2 29. Kc2 Bd4 30. Bh3 Rxa3 31. g4 Ra2+ 32. Kc1 Ra1+ 33. Kc2 Ra2+ 34. Kc1 a3 35. gxf5 Rh2 36. f6 Bxh3 37. f7+ Kf8 0-1